Hodnotenie kvality 3D modelov vytvorených technológiou TLS.
Saved in:
| Main Author: | |
|---|---|
| Other Authors: | |
| Format: | Manuscript Book |
| Language: | Slovak |
| Published: |
2017
|
| Subjects: | |
| Online Access: | http://is.stuba.sk/zp/portal_zp.pl?podrobnosti=125048 https://opac.crzp.sk/?fn=detailBiblioForm&sid=877A1C170D2F97A1DF3CA22BFB25 |
| Tags: |
No Tags, Be the first to tag this record!
|
MARC
| LEADER | 00000ntm a22000003a 4500 | ||
|---|---|---|---|
| 001 | stuzp63351 | ||
| 003 | SK-STU | ||
| 005 | 20230821115228.7 | ||
| 007 | ta | ||
| 008 | 150427s2015----xo-----f-mn---000-0-slo-d | ||
| 040 | |a STU |b slo | ||
| 041 | 0 | |a slo | |
| 100 | 1 | |a Štítna, Martina |u 010140 |4 aut |U SvF Stavebná fakulta |T SvF Katedra geodézie |X 55056 |U V140 |Y 14 |7 55056 | |
| 242 | 0 | 1 | |a Evaluation of the quality of 3D models created by the technology of TLS |y eng |
| 245 | 1 | 0 | |a Hodnotenie kvality 3D modelov vytvorených technológiou TLS. |
| 260 | |c 2017 | ||
| 650 | 4 | |a terestrické laserové skenovanie |2 slo | |
| 650 | 4 | |a regresná rovina |2 slo | |
| 650 | 4 | |a testovanie |2 slo | |
| 650 | 4 | |a terrestrial laser scanning |2 eng | |
| 650 | 4 | |a regression plane |2 eng | |
| 650 | 4 | |a testing |2 eng | |
| 700 | 1 | |a Kopáčik, Alojz |u 010140 |k Z1 |4 ths |U SvF Stavebná fakulta |T SvF Katedra geodézie |X 2738 |U V140 |Y 14 |7 A000002738 | |
| 856 | 4 | |u http://is.stuba.sk/zp/portal_zp.pl?podrobnosti=125048 | |
| 856 | 4 | |u https://opac.crzp.sk/?fn=detailBiblioForm&sid=877A1C170D2F97A1DF3CA22BFB25 | |